| 000 | 00950nam a2200265Ia 4500 | ||
|---|---|---|---|
| 003 | OSt | ||
| 005 | 20221005111856.0 | ||
| 006 | a|||||r|||| 00| 0 | ||
| 007 | ta | ||
| 008 | 221004b |||||||| |||| 00| 0 san d | ||
| 020 |
_a9789381698143 (hbk) _c500 |
||
| 024 | _a22328 | ||
| 037 |
_b277, 10/03/2015, Eastern Book Linkers _cTextual |
||
| 040 |
_aCRL _cCRL _bsan |
||
| 041 |
_2san _asan |
||
| 082 | _aT:3(P15), Q4 | ||
| 100 | _aसमरेन्द्र कुमार सुधांशु | ||
| 245 | 0 | _aसंस्कृत - शिक्षण | |
| 246 | _aSanskṛut - shikṣhaṇa | ||
| 260 |
_aवाराणसी _bकला प्रकाशन भारत _c2014 |
||
| 300 |
_a216पृ0 _ccm. |
||
| 650 | _aशिक्षण | ||
| 942 |
_hT:3(P15), Q4 _cTEXL _2cc |
||
| 999 |
_c1023158 _d1023158 |
||